<?xml version="1.0" encoding="UTF-8"?>
<record
    xmlns:xsi="http://www.w3.org/2001/XMLSchema-instance"
    xsi:schemaLocation="http://www.loc.gov/MARC21/slim http://www.loc.gov/standards/marcxml/schema/MARC21slim.xsd"
    xmlns="http://www.loc.gov/MARC21/slim">

  <leader>01765nam a2200205   4500</leader>
  <datafield tag="999" ind1=" " ind2=" ">
    <subfield code="c">510085</subfield>
    <subfield code="d">510085</subfield>
  </datafield>
  <controlfield tag="008">190723b           ||||| |||| 00| 0 eng d</controlfield>
  <datafield tag="100" ind1=" " ind2=" ">
    <subfield code="a">Jensen, Ulrich Thy</subfield>
    <subfield code="9">7275</subfield>
  </datafield>
  <datafield tag="245" ind1=" " ind2=" ">
    <subfield code="a">Only when we agree! how value congruence moderates the impact of goal-oriented leadership on public service motivation</subfield>
  </datafield>
  <datafield tag="260" ind1=" " ind2=" ">
    <subfield code="c">2019</subfield>
  </datafield>
  <datafield tag="300" ind1=" " ind2=" ">
    <subfield code="a">p.12-24.</subfield>
  </datafield>
  <datafield tag="520" ind1=" " ind2=" ">
    <subfield code="a">Questions of how and when managers can motivate the workforce of public organizations are fundamental for scholars and practitioners alike. A dominant assertion is that goal&#x2010;oriented leadership strategies, such as transformational leadership, foster public service motivation (PSM). However, existing studies rely on designs that are vulnerable to endogeneity and rarely investigate the scope conditions of the leadership&#x2010;PSM relationship. Combining a field experiment with 364 managers and surveys of their 3,470 employees, the authors show that transformational leadership and transactional leadership, when induced experimentally, do not have the claimed positive effect on PSM. In fact, the results indicate that goal&#x2010;oriented leadership can have demotivating effects when employee and organizational values are incongruent. Public managers should therefore carefully assess existing levels of value (in)congruence before implementing goal&#x2010;oriented leadership strategies, and&#x2014;in case of value conflicts&#x2014;seek to align perceptions of the desirable among members of the organization. - Reproduced.</subfield>
  </datafield>
  <datafield tag="650" ind1=" " ind2=" ">
    <subfield code="a">Civil service</subfield>
    <subfield code="9">7276</subfield>
  </datafield>
  <datafield tag="650" ind1=" " ind2=" ">
    <subfield code="a">Motivation</subfield>
    <subfield code="9">7277</subfield>
  </datafield>
  <datafield tag="650" ind1=" " ind2=" ">
    <subfield code="a">Public service motivation</subfield>
    <subfield code="9">7278</subfield>
  </datafield>
  <datafield tag="700" ind1=" " ind2=" ">
    <subfield code="a">Andersen, Lotte Bogh</subfield>
    <subfield code="9">7279</subfield>
  </datafield>
  <datafield tag="700" ind1=" " ind2=" ">
    <subfield code="a">Jacobsen, Christian Botcher</subfield>
    <subfield code="9">7280</subfield>
  </datafield>
  <datafield tag="773" ind1=" " ind2=" ">
    <subfield code="a">Public Administration Review</subfield>
  </datafield>
  <datafield tag="906" ind1=" " ind2=" ">
    <subfield code="a">Leadership</subfield>
  </datafield>
  <datafield tag="942" ind1=" " ind2=" ">
    <subfield code="2">ddc</subfield>
    <subfield code="c">AR</subfield>
  </datafield>
  <datafield tag="952" ind1=" " ind2=" ">
    <subfield code="0">0</subfield>
    <subfield code="1">0</subfield>
    <subfield code="2">ddc</subfield>
    <subfield code="4">0</subfield>
    <subfield code="7">0</subfield>
    <subfield code="9">384034</subfield>
    <subfield code="a">IIPA</subfield>
    <subfield code="b">IIPA</subfield>
    <subfield code="d">2019-07-23</subfield>
    <subfield code="h">79(1). Jan/Feb, 2019: p.12-24.</subfield>
    <subfield code="p">AR120445</subfield>
    <subfield code="r">2019-07-23</subfield>
    <subfield code="y">AR</subfield>
  </datafield>
</record>
